| 000 | 00320 a2200133 4500 | ||
|---|---|---|---|
| 001 | 91674 | ||
| 082 | _aPR 1642 | ||
| 090 |
_c43834 _d43833 |
||
| 100 | _aMuhammad Salman; ProfFraz Ahmad,Advisor | ||
| 245 |
_aLinux Server _n50 "B" EC |
||
| 260 |
_aRawalpidi _bNUST _c1999 |
||
| 300 | _a82p | ||
| 500 | _aBE Project Reports | ||
| 942 |
_aCAE NUST _kPR 1642 |
||
| 999 |
_c326747 _d326747 |
||